El delito de violencia habitual.

Detalles Bibliográficos
Autor principal: Gorjn̤ Barranco, Mara̕ Concepcin̤
Formato: eBook
Lenguaje:español
Publicado: Barcelona: J.M. Bosch Editor, 2020
Materias:
Acceso en línea:Acceso restringido

MARC

LEADER 00000nam a22000007a 4500
005 20220509220548.0
007 cr|||| ||||
008 220509s2020 es |||||s|||| 00||0 spa d
020 |a 978-84-122827-1-9 
035 |a 35603 
040 |a vLex 
090 |c 13294  |d 13294 
100 1 |a Gorjn̤ Barranco, Mara̕ Concepcin̤ 
245 1 2 |a El delito de violencia habitual.   |h [Recurso electrn̤ico] /  |c Mara̕ Concepcin̤ Gorjn̤ Barranco 
256 |a Servicio en ln̕ea 
260 |a Barcelona:  |b J.M. Bosch Editor,  |c 2020 
300 |a 1 recurso electrn̤ico 
500 |a En este trabajo se realiza una tarea de revisin̤ de la evolucin̤ y aplicacin̤ del delito de violencia habitual recogido en el art. 173.2 y 3 del cd̤igo penal. Un delito, comn︢mente conocido como delito de violencia familiar, que carece de perspectiva de gňero, cuando en verdad, los datos nos muestran que son las mujeres quienes mayores probabilidades tienen de ser victimizadas, por encima de los hijos o los ancianos. En pleno s. XXI, tras ms̀ de quince aǫs de la aprobacin̤ de la LO 1/2004 de Medidas de Proteccin̤ Integral contra la violencia de gňero (LOMPIVG), el concepto ±gňero», pareca̕ estar aceptado tanto en lo social como en lo jurd̕ico. Sin embargo, nos encontramos con que un sector pretende regresar al debate de los aǫs ochenta, reivindicando el třmino de ±violencia domštica ». Estas demandas abonan el terreno para que, desde el Feminismo, se haga balance sobre las ventajas y desventajas que se han desprendido de las l︢timas reformas penales en la materia, que nos llevan hasta los aǫs 2003 y 2004, para tratar de reconducir la estrategia. Si la LOMPIVG acert ̤al introducir una proteccin̤ diferenciada hacia las mujeres, desde luego, no lo hizo al seleccionar los delitos a los que aplicar la agravante especf̕ica de gňero, centrǹdose en el combate de las conductas ms̀ leves. La penalizacin̤ de estos micromachismos ha logrado arrinconar el delito de violencia habitual, cuando sin duda, el ejercicio de violencia reiterada hacia las mujeres sigue siendo una tarea pendiente, y una realidad silenciada y ocultada por esos delitos ms̀ leves. Es por ello, que esta investigacin̤ reivindica la habitualidad como el eje sobre el que hacer pivotar la estrategia penal en este m̀bito. 
506 1 |a Disponible solo en los productos indicados  |d vLex Global  |d vLex Global (Academic Edition, excluding Law Schools)  |d vLex Global (U.S. Academic Edition, Law Schools)  |d vLex Global (U.S. Academic Edition, excluding Law Schools)  |d vLex Global (Academic Edition, Law Schools) 
650 0 4 |a Derecho Penal  |z Espaą 
650 0 4 |a Derecho Procesal  |z Espaą 
650 0 4 |a Procedimiento Penal  |z Espaą 
740 0 |a vLex Libros (Servicio en ln̕ea) 
856 4 0 |u https://app.vlex.com/#/sources/35603  |z Acceso restringido 
942 |c BOOK 
999 0 |a Criminal Law 
999 0 |a Procedural Law 
999 0 |a Criminal Procedure